| 000 | 00459cam a2200157 4500 | ||
|---|---|---|---|
| 020 | _a0713132760 | ||
| 082 | 0 | 0 |
_a629.133 _bMEG |
| 100 | 1 |
_aMegson, T. H. G. _941173 |
|
| 245 | 1 | 0 |
_aAircraft structures for engineering students _c[by] T. H. G. Megson. |
| 260 |
_aLondon, _bEdward Arnold, _c1972. |
||
| 300 |
_aix, 485 p. _billus. _c24 cm. |
||
| 526 |
_a0 _b0 _c0 _d629_133000000000000_MEG |
||
| 650 | 0 |
_aAirframes. _944318 |
|
| 650 | 0 |
_aMCE _9379 |
|
| 942 |
_2ddc _cBK |
||
| 999 |
_c548144 _d548144 |
||